{"text_format":"3","workbook":"xlsx","n_sheets":1,"sheets":["t213"],"read":"whole","date_system":"1900"}

{"sheet":"t213","index":0,"n_rows":194,"n_cols":7,"rows_kept":194,"merged":[[0,0,0,6],[30,0,30,5],[46,0,46,5],[157,0,157,5]]}
["TABELA 213.1 - Estatísticas Agrícolas, Município de Guatapará, Estado de São Paulo, 2007/08."]
["ITEM","UNIDADE","N.DE UPAs","MÍNIMO","MÉDIO","MÁXIMO","TOTAL"]
["Distância à sede do município","km",463,0.5,{"v":12.55,"d":"12.6"},{"v":35,"d":"35.0"},"-"]
["Área total","hectare",463,1.2,{"v":95.72,"d":"95.7"},{"v":9759.8,"d":"9,759.8"},{"v":44317.51,"d":"44,317.5"}]
["Área com cultura perene","hectare",32,0.1,{"v":4.09,"d":"4.1"},40.8,130.9]
["Área com cultura temporária","hectare",361,0.1,{"v":84.33,"d":"84.3"},{"v":7424,"d":"7,424.0"},{"v":30444.7,"d":"30,444.7"}]
["Área com pastagem","hectare",128,{"v":1,"d":"1.0"},{"v":18.84,"d":"18.8"},{"v":345,"d":"345.0"},{"v":2411.1,"d":"2,411.1"}]
["Área com reflorestamento","hectare",24,0.5,{"v":165.69,"d":"165.7"},{"v":3797,"d":"3,797.0"},{"v":3976.5,"d":"3,976.5"}]
["Área com vegetação natural","hectare",74,0.1,{"v":80.03,"d":"80.0"},{"v":1940,"d":"1,940.0"},{"v":5922.1,"d":"5,922.1"}]
["Área com vegetação de brejo e várzea","hectare",14,0.6,{"v":9.77,"d":"9.8"},{"v":60,"d":"60.0"},136.8]
["Área em descanso","hectare",18,0.5,{"v":5.61,"d":"5.6"},34.1,{"v":101,"d":"101.0"}]
["Área complementar","hectare",278,0.1,4.3,357.1,{"v":1194.41,"d":"1,194.4"}]
["Área das UPAs com (0, 1] ha","hectare","-","-","-","-","-"]
["Área das UPAs com (1, 2] ha","hectare",52,1.2,{"v":1.57,"d":"1.6"},{"v":2,"d":"2.0"},81.4]
["Área das UPAs com (2, 5] ha","hectare",57,{"v":2.21,"d":"2.2"},{"v":3.42,"d":"3.4"},{"v":5,"d":"5.0"},{"v":194.91,"d":"194.9"}]
["Área das UPAs com (5, 10] ha","hectare",86,5.3,{"v":7.27,"d":"7.3"},{"v":10,"d":"10.0"},625.5]
["Área das UPAs com (10, 20] ha","hectare",156,10.5,{"v":13.32,"d":"13.3"},19.6,{"v":2077.3,"d":"2,077.3"}]
["Área das UPAs com (20, 50] ha","hectare",52,20.6,{"v":29.03,"d":"29.0"},48.4,{"v":1509.7,"d":"1,509.7"}]
["Área das UPAs com (50, 100] ha","hectare",15,54.4,{"v":72.96,"d":"73.0"},{"v":97,"d":"97.0"},{"v":1094.4,"d":"1,094.4"}]
["Área das UPAs com (100, 200] ha","hectare",12,106.4,{"v":134.28,"d":"134.3"},191.2,{"v":1611.3,"d":"1,611.3"}]
["Área das UPAs com (200, 500] ha","hectare",15,209.1,{"v":337.26,"d":"337.3"},{"v":484,"d":"484.0"},{"v":5058.9,"d":"5,058.9"}]
["Área das UPAs com (500, 1.000] ha","hectare",8,546.5,687.8,787.6,{"v":5502.4,"d":"5,502.4"}]
["Área das UPAs com (1.000, 2.000] ha","hectare",6,{"v":1022.9,"d":"1,022.9"},{"v":1289.03,"d":"1,289.0"},{"v":1943.2,"d":"1,943.2"},{"v":7734.2,"d":"7,734.2"}]
["Área das UPAs com (2.000, 5.000] ha","hectare",3,{"v":2447.1,"d":"2,447.1"},{"v":3022.57,"d":"3,022.6"},{"v":3981.8,"d":"3,981.8"},{"v":9067.7,"d":"9,067.7"}]
["Área das UPAs com (5.000, 10.000] ha","hectare",1,{"v":9759.8,"d":"9,759.8"},{"v":9759.8,"d":"9,759.8"},{"v":9759.8,"d":"9,759.8"},{"v":9759.8,"d":"9,759.8"}]
["Área das UPAs acima de 10.000 ha","hectare","-","-","-","-","-"]
["Familiares do proprietário que trabalham na UPA","unidade",430,{"v":1,"d":"1.0"},{"v":1.69,"d":"1.7"},{"v":7,"d":"7.0"},{"v":726,"d":"726.0"}]
["Trabalhadores permanentes","unidade",142,{"v":1,"d":"1.0"},{"v":3.77,"d":"3.8"},{"v":40,"d":"40.0"},{"v":536,"d":"536.0"}]
["Fonte: Secretaria de Agricultura e Abastecimento, CDRS/IEA, Projeto LUPA."]
[]
["TABELA 213.2 - Explorações Animais, Município de Guatapará, Estado de São Paulo, 2007/08."]
["ITEM","UNIDADE","N.DE UPAs","MÍNIMO","MÉDIO","MÁXIMO","TOTAL"]
["Asininos E Muares","cabeças",10,{"v":1,"d":"1.0"},1.1,{"v":2,"d":"2.0"},{"v":11,"d":"11.0"}]
["Avicultura de Corte","cabeças/ano",25,{"v":10,"d":"10.0"},{"v":9299,"d":"9,299.0"},{"v":63000,"d":"63,000.0"},{"v":232475,"d":"232,475.0"}]
["Avicultura para Ovos","cabeças",27,{"v":2500,"d":"2,500.0"},{"v":41092.59,"d":"41,092.6"},{"v":120000,"d":"120,000.0"},{"v":1109500,"d":"1,109,500.0"}]
["Bovinocultura de Corte","cabeças",10,{"v":5,"d":"5.0"},180.5,{"v":631,"d":"631.0"},{"v":1805,"d":"1,805.0"}]
["Bovinocultura Leiteira","cabeças",17,{"v":1,"d":"1.0"},{"v":13.47,"d":"13.5"},{"v":55,"d":"55.0"},{"v":229,"d":"229.0"}]
["Bovinocultura Mista","cabeças",40,{"v":1,"d":"1.0"},{"v":23.33,"d":"23.3"},{"v":90,"d":"90.0"},{"v":933,"d":"933.0"}]
["Bubalinocultura","cabeças",1,{"v":108,"d":"108.0"},{"v":108,"d":"108.0"},{"v":108,"d":"108.0"},{"v":108,"d":"108.0"}]
["Caprinocultura","cabeças",2,{"v":5,"d":"5.0"},17.5,{"v":30,"d":"30.0"},{"v":35,"d":"35.0"}]
["Equinocultura","cabeças",26,{"v":1,"d":"1.0"},{"v":10.42,"d":"10.4"},{"v":120,"d":"120.0"},{"v":271,"d":"271.0"}]
["Ovinocultura","cabeças",3,{"v":35,"d":"35.0"},{"v":92.33,"d":"92.3"},{"v":150,"d":"150.0"},{"v":277,"d":"277.0"}]
["Piscicultura","m² tanques",1,{"v":6000,"d":"6,000.0"},{"v":6000,"d":"6,000.0"},{"v":6000,"d":"6,000.0"},{"v":6000,"d":"6,000.0"}]
["Suinocultura","cabeças",34,{"v":1,"d":"1.0"},{"v":17.09,"d":"17.1"},{"v":150,"d":"150.0"},{"v":581,"d":"581.0"}]
["Fonte: Secretaria de Agricultura e Abastecimento, CDRS/IEA, Projeto LUPA."]
[]
["TABELA 213.3 -  Máquinas, Implementos e Benfeitorias, Município de Guatapará, Estado de São Paulo, 2007/08."]
["ITEM","UNIDADE","N.DE UPAs","MÍNIMO","MÉDIO","MÁXIMO","TOTAL"]
["Arado Comum (Bacia, Aiveca)","Unidade",70,{"v":1,"d":"1.0"},{"v":1.23,"d":"1.2"},{"v":6,"d":"6.0"},{"v":86,"d":"86.0"}]
["Arado Escarificador","Unidade",20,{"v":1,"d":"1.0"},{"v":1.35,"d":"1.4"},{"v":3,"d":"3.0"},{"v":27,"d":"27.0"}]
["Arado Subsolador","Unidade",24,{"v":1,"d":"1.0"},{"v":1.08,"d":"1.1"},{"v":2,"d":"2.0"},{"v":26,"d":"26.0"}]
["Batedeira de Cereais","Unidade",7,{"v":1,"d":"1.0"},{"v":1,"d":"1.0"},{"v":1,"d":"1.0"},{"v":7,"d":"7.0"}]
["Câmara Fria","Unidade",8,{"v":1,"d":"1.0"},{"v":1,"d":"1.0"},{"v":1,"d":"1.0"},{"v":8,"d":"8.0"}]
["Carregadeira de Cana","Unidade",6,{"v":1,"d":"1.0"},{"v":1.17,"d":"1.2"},{"v":2,"d":"2.0"},{"v":7,"d":"7.0"}]
["Colhedeira Acoplada","Unidade",3,{"v":1,"d":"1.0"},{"v":1.33,"d":"1.3"},{"v":2,"d":"2.0"},{"v":4,"d":"4.0"}]
["Colhedeira Automotriz","Unidade",15,{"v":1,"d":"1.0"},1.4,{"v":3,"d":"3.0"},{"v":21,"d":"21.0"}]
["Computador","Unidade",5,{"v":1,"d":"1.0"},1.8,{"v":4,"d":"4.0"},{"v":9,"d":"9.0"}]
["Conj.Irrigação Convencional","Unidade",18,{"v":1,"d":"1.0"},{"v":1.11,"d":"1.1"},{"v":2,"d":"2.0"},{"v":20,"d":"20.0"}]
["Conj.Irrigação Pivot Central","Unidade",4,{"v":1,"d":"1.0"},{"v":1,"d":"1.0"},{"v":1,"d":"1.0"},{"v":4,"d":"4.0"}]
["Conj.Irrigação/Gotejamento/Microaspersão","Unidade",4,{"v":1,"d":"1.0"},{"v":1,"d":"1.0"},{"v":1,"d":"1.0"},{"v":4,"d":"4.0"}]
["Conjunto de Fenação","Unidade",2,{"v":1,"d":"1.0"},1.5,{"v":2,"d":"2.0"},{"v":3,"d":"3.0"}]
["Desintegrador de Palha (Plantio Direto)","Unidade",1,{"v":1,"d":"1.0"},{"v":1,"d":"1.0"},{"v":1,"d":"1.0"},{"v":1,"d":"1.0"}]
["Desintegrador, Picador, Triturador","Unidade",75,{"v":1,"d":"1.0"},{"v":1.11,"d":"1.1"},{"v":2,"d":"2.0"},{"v":83,"d":"83.0"}]
["Distribuidor de Calcário","Unidade",15,{"v":1,"d":"1.0"},{"v":1,"d":"1.0"},{"v":1,"d":"1.0"},{"v":15,"d":"15.0"}]
["Ensiladeira","Unidade",6,{"v":1,"d":"1.0"},1.5,{"v":3,"d":"3.0"},{"v":9,"d":"9.0"}]
["Grade Aradora (Tipo Romi)","Unidade",40,{"v":1,"d":"1.0"},{"v":1.38,"d":"1.4"},{"v":8,"d":"8.0"},{"v":55,"d":"55.0"}]
["Grade Niveladora","Unidade",46,{"v":1,"d":"1.0"},1.3,{"v":4,"d":"4.0"},{"v":60,"d":"60.0"}]
["Implementos para Tração Animal","Unidade",13,{"v":1,"d":"1.0"},{"v":1.23,"d":"1.2"},{"v":2,"d":"2.0"},{"v":16,"d":"16.0"}]
["Microtrator","Unidade",2,{"v":1,"d":"1.0"},{"v":1,"d":"1.0"},{"v":1,"d":"1.0"},{"v":2,"d":"2.0"}]
["Misturador de Ração","Unidade",14,{"v":1,"d":"1.0"},{"v":1.07,"d":"1.1"},{"v":2,"d":"2.0"},{"v":15,"d":"15.0"}]
["Ordenhadeira Mecânica","Unidade",1,{"v":1,"d":"1.0"},{"v":1,"d":"1.0"},{"v":1,"d":"1.0"},{"v":1,"d":"1.0"}]
["Pulverizador Tratorizado","Unidade",58,{"v":1,"d":"1.0"},{"v":1.52,"d":"1.5"},{"v":18,"d":"18.0"},{"v":88,"d":"88.0"}]
["Resfriador de Leite, Tanque Expansão","Unidade",9,{"v":1,"d":"1.0"},{"v":1,"d":"1.0"},{"v":1,"d":"1.0"},{"v":9,"d":"9.0"}]
["Semeadeira/Adubadeira para Plantio Convencional","Unidade",28,{"v":1,"d":"1.0"},{"v":1.14,"d":"1.1"},{"v":2,"d":"2.0"},{"v":32,"d":"32.0"}]
["Semeadeira/Plantadeira Plantio Direto","Unidade",22,{"v":1,"d":"1.0"},{"v":1.27,"d":"1.3"},{"v":3,"d":"3.0"},{"v":28,"d":"28.0"}]
["Terraceador","Unidade",4,{"v":1,"d":"1.0"},{"v":1,"d":"1.0"},{"v":1,"d":"1.0"},{"v":4,"d":"4.0"}]
["Trator de Esteiras","Unidade",4,{"v":1,"d":"1.0"},{"v":1.75,"d":"1.8"},{"v":4,"d":"4.0"},{"v":7,"d":"7.0"}]
["Trator de Pneus","Unidade",123,{"v":1,"d":"1.0"},{"v":1.79,"d":"1.8"},{"v":12,"d":"12.0"},{"v":220,"d":"220.0"}]
["Açude/Represa","Unidade",29,{"v":1,"d":"1.0"},{"v":1.72,"d":"1.7"},{"v":6,"d":"6.0"},{"v":50,"d":"50.0"}]
["Almoxarifado/Oficina","Unidade",39,{"v":1,"d":"1.0"},{"v":1.03,"d":"1.0"},{"v":2,"d":"2.0"},{"v":40,"d":"40.0"}]
["Armazém para Grãos Ensacados","Sacas",14,{"v":1,"d":"1.0"},{"v":565.14,"d":"565.1"},{"v":7000,"d":"7,000.0"},{"v":7912,"d":"7,912.0"}]
["Balança para Bovinos","Unidade",4,{"v":1,"d":"1.0"},{"v":1,"d":"1.0"},{"v":1,"d":"1.0"},{"v":4,"d":"4.0"}]
["Balança para Veículos","Unidade",4,{"v":1,"d":"1.0"},1.5,{"v":3,"d":"3.0"},{"v":6,"d":"6.0"}]
["Barracão para Bicho da Seda/Sirgaria","Unidade",5,{"v":1,"d":"1.0"},1.2,{"v":2,"d":"2.0"},{"v":6,"d":"6.0"}]
["Barracão para Cultivo de Cogumelo","Unidade",1,{"v":1,"d":"1.0"},{"v":1,"d":"1.0"},{"v":1,"d":"1.0"},{"v":1,"d":"1.0"}]
["Barracão para Granja/Avicultura","Unidade",53,{"v":1,"d":"1.0"},{"v":10.98,"d":"11.0"},{"v":49,"d":"49.0"},{"v":582,"d":"582.0"}]
["Barracão/Galpão/Garagem","Unidade",120,{"v":1,"d":"1.0"},{"v":1.34,"d":"1.3"},{"v":10,"d":"10.0"},{"v":161,"d":"161.0"}]
["Biodigestor","Unidade",2,{"v":1,"d":"1.0"},{"v":1,"d":"1.0"},{"v":1,"d":"1.0"},{"v":2,"d":"2.0"}]
["Casa de Moradia Habitada","Unidade",249,{"v":1,"d":"1.0"},{"v":1.51,"d":"1.5"},{"v":10,"d":"10.0"},{"v":376,"d":"376.0"}]
["Casa de Moradia Total","Unidade",213,{"v":1,"d":"1.0"},{"v":2.01,"d":"2.0"},{"v":19,"d":"19.0"},{"v":428,"d":"428.0"}]
["Curral/Mangueira","Unidade",64,{"v":1,"d":"1.0"},{"v":1.06,"d":"1.1"},{"v":3,"d":"3.0"},{"v":68,"d":"68.0"}]
["Depósito/Tulha","Unidade",75,{"v":1,"d":"1.0"},{"v":1.16,"d":"1.2"},{"v":5,"d":"5.0"},{"v":87,"d":"87.0"}]
["Estábulo","Unidade",19,{"v":1,"d":"1.0"},{"v":1.21,"d":"1.2"},{"v":3,"d":"3.0"},{"v":23,"d":"23.0"}]
["Estufa/Plasticultura","m²",13,{"v":1,"d":"1.0"},{"v":18,"d":"18.0"},{"v":210,"d":"210.0"},{"v":234,"d":"234.0"}]
["Fábrica de Farinha","Unidade",1,{"v":1,"d":"1.0"},{"v":1,"d":"1.0"},{"v":1,"d":"1.0"},{"v":1,"d":"1.0"}]
["Fábrica de Ração","Unidade",9,{"v":1,"d":"1.0"},{"v":1,"d":"1.0"},{"v":1,"d":"1.0"},{"v":9,"d":"9.0"}]
["Instalações para Equinos","Unidade",3,{"v":1,"d":"1.0"},{"v":3.33,"d":"3.3"},{"v":8,"d":"8.0"},{"v":10,"d":"10.0"}]
["Máquina de Benefício","Unidade",8,{"v":1,"d":"1.0"},{"v":1,"d":"1.0"},{"v":1,"d":"1.0"},{"v":8,"d":"8.0"}]
["Pocilga","Unidade",48,{"v":1,"d":"1.0"},{"v":1.06,"d":"1.1"},{"v":2,"d":"2.0"},{"v":51,"d":"51.0"}]
["Poço Semi-Artesiano","Unidade",19,{"v":1,"d":"1.0"},{"v":1,"d":"1.0"},{"v":1,"d":"1.0"},{"v":19,"d":"19.0"}]
["Posto Meteorológico","Unidade",2,{"v":1,"d":"1.0"},{"v":1,"d":"1.0"},{"v":1,"d":"1.0"},{"v":2,"d":"2.0"}]
["Secador de Grãos","Unidade",5,{"v":1,"d":"1.0"},{"v":1,"d":"1.0"},{"v":1,"d":"1.0"},{"v":5,"d":"5.0"}]
["Silo para Grãos","t",12,{"v":1,"d":"1.0"},{"v":170.42,"d":"170.4"},{"v":1200,"d":"1,200.0"},{"v":2045,"d":"2,045.0"}]
["Silo para Silagem","t",4,{"v":1,"d":"1.0"},15.5,{"v":50,"d":"50.0"},{"v":62,"d":"62.0"}]
["Terreiro","m²",5,{"v":1,"d":"1.0"},{"v":1616.4,"d":"1,616.4"},{"v":6500,"d":"6,500.0"},{"v":8082,"d":"8,082.0"}]
["Usina de Açúcar/destilaria","Unidade",1,{"v":1,"d":"1.0"},{"v":1,"d":"1.0"},{"v":1,"d":"1.0"},{"v":1,"d":"1.0"}]
["Fonte: Secretaria de Agricultura e Abastecimento, CDRS/IEA, Projeto LUPA."]
[]
["TABELA 213.4 - Outras Estatísticas Agrícolas, Município de Guatapará, Estado de São Paulo, 2007/08."]
["ITEM","Número de UPAs",null,"Percentual"]
["Faz Parte de Associação de Produtores",275,null,{"v":59.39524838012959,"d":"59.4"}]
["Faz Parte de Cooperativa de Produtores",168,null,{"v":36.28509719222462,"d":"36.3"}]
["Faz Parte do Sindicato de Produtores",240,null,{"v":51.83585313174946,"d":"51.8"}]
["Não utiliza assistência técnica ",42,null,{"v":9.071274298056155,"d":"9.1"}]
["Utiliza somente assistência técnica governamental ",239,null,{"v":51.61987041036717,"d":"51.6"}]
["Utiliza somente assistência técnica privada ",29,null,{"v":6.263498920086393,"d":"6.3"}]
["Utiliza assistência técnica tanto governamental quanto privada",153,null,{"v":33.04535637149028,"d":"33.0"}]
["Utiliza Crédito Rural",156,null,{"v":33.69330453563715,"d":"33.7"}]
["Utiliza Seguro Rural",7,null,{"v":1.511879049676026,"d":"1.5"}]
["Utiliza Escrituração Agrícola",403,null,{"v":87.04103671706264,"d":"87.0"}]
["Acessa Internet p/ Fins na Agropecuária",78,null,{"v":16.846652267818573,"d":"16.8"}]
["Utiliza Computador nas Atividades Agropecuárias",91,null,{"v":19.65442764578834,"d":"19.7"}]
["Utiliza Energia Elétrica Para Uso na Atividade Agrícola",317,null,{"v":68.46652267818575,"d":"68.5"}]
["Realiza Análise de Solo, quando necessário",203,null,{"v":43.844492440604746,"d":"43.8"}]
["Utiliza Práticas de Conservação de Solo, quando necessário",353,null,{"v":76.24190064794816,"d":"76.2"}]
["Faz Adubação Mineral, quando necessário",344,null,{"v":74.29805615550755,"d":"74.3"}]
["Faz Adubação Orgânica, quando necessário",267,null,{"v":57.66738660907127,"d":"57.7"}]
["Faz Adubação Verde, quando necessário",97,null,{"v":20.950323974082075,"d":"21.0"}]
["Utiliza Manejo Integrado de Pragas (MIP)",14,null,{"v":3.023758099352052,"d":"3.0"}]
["Utiliza Hidroponia",1,null,{"v":0.21598272138228944,"d":"0.2"}]
["Utiliza Plasticultura",7,null,{"v":1.511879049676026,"d":"1.5"}]
["Utiliza Mudas Fiscalizadas",223,null,{"v":48.16414686825054,"d":"48.2"}]
["Utiliza Semente Melhorada",222,null,{"v":47.94816414686825,"d":"47.9"}]
["Faz Confinamento de Bovinos",1,null,{"v":0.21598272138228944,"d":"0.2"}]
["Utiliza Pastejo Intensivo",27,null,{"v":5.831533477321814,"d":"5.8"}]
["Faz Inseminação Artificial",1,null,{"v":0.21598272138228944,"d":"0.2"}]
["Faz Mineralização do Rebanho",57,null,{"v":12.311015118790497,"d":"12.3"}]
["Faz Vermifugação do Rebanho",55,null,{"v":11.879049676025918,"d":"11.9"}]
["Possui Parceiros /Arrendatários na Exploração Animal",186,null,{"v":40.17278617710583,"d":"40.2"}]
["Esporte e lazer","-",null,"-"]
["Extração mineral",1,null,{"v":0.21598272138228944,"d":"0.2"}]
["Hotel Fazenda, Pousada ou SPA","-",null,"-"]
["Pesque-pague","-",null,"-"]
["Restaurante ou Lanchonete","-",null,"-"]
["Transformação artesanal","-",null,"-"]
["Turismo rural ou ecoturismo","-",null,"-"]
["Outras atividades econômicas rurais",3,null,{"v":0.6479481641468683,"d":"0.6"}]
["Agroindústria",2,null,{"v":0.4319654427645789,"d":"0.4"}]
["Proprietário sem instrução ou com instrução incompleta",41,null,{"v":8.855291576673865,"d":"8.9"}]
["Proprietário com antigo primário completo",76,null,{"v":16.414686825053995,"d":"16.4"}]
["Proprietário com 1° grau (ou antigo ginasial) completo",132,null,{"v":28.509719222462202,"d":"28.5"}]
["Proprietário com 2° grau (ou antigo colegial) completo",133,null,{"v":28.725701943844488,"d":"28.7"}]
["Proprietário com curso superior completo ",54,null,{"v":11.663066954643629,"d":"11.7"}]
["Pessoa Jurídica",27,null,{"v":5.831533477321814,"d":"5.8"}]
["Proprietário residente na própria UPA ",196,null,{"v":42.33261339092873,"d":"42.3"}]
["Fonte: Secretaria de Agricultura e Abastecimento, CDRS/IEA, Projeto LUPA."]
[]
["TABELA 213.5 - Área Cultivada, Município de Guatapará, Estado de São Paulo, 2007/08."]
["CULTURA","N.DE UPAs","MÍNIMO","MÉDIO","MÁXIMO","TOTAL"]
["Cana-de-acucar",239,0.2,{"v":124.66,"d":"124.7"},{"v":7424,"d":"7,424.0"},{"v":29793.7,"d":"29,793.7"}]
["Eucalipto",21,0.5,186.8,{"v":3797,"d":"3,797.0"},{"v":3922.9,"d":"3,922.9"}]
["Braquiaria",120,0.6,{"v":19.01,"d":"19.0"},{"v":345,"d":"345.0"},{"v":2280.7,"d":"2,280.7"}]
["Milho",99,0.3,{"v":5.16,"d":"5.2"},{"v":40,"d":"40.0"},511.3]
["Arroz",23,0.5,{"v":8.08,"d":"8.1"},{"v":36,"d":"36.0"},185.8]
["Outras gramineas para pastagem",9,0.6,{"v":14.27,"d":"14.3"},52.4,128.4]
["Amendoim",4,{"v":6,"d":"6.0"},{"v":15.75,"d":"15.8"},{"v":28,"d":"28.0"},{"v":63,"d":"63.0"}]
["Mandioca",23,0.1,{"v":2.62,"d":"2.6"},{"v":10,"d":"10.0"},60.2]
["Outras florestais",3,{"v":10,"d":"10.0"},{"v":17.87,"d":"17.9"},{"v":30,"d":"30.0"},53.6]
["Cafe",8,0.3,{"v":6.14,"d":"6.1"},40.8,49.1]
["Abacate",4,{"v":1,"d":"1.0"},{"v":7.03,"d":"7.0"},12.5,28.1]
["Laranja",2,0.5,{"v":12.25,"d":"12.3"},{"v":24,"d":"24.0"},24.5]
["Limao",3,{"v":1,"d":"1.0"},{"v":4.87,"d":"4.9"},{"v":12,"d":"12.0"},14.6]
["Feijao",13,0.2,{"v":0.87,"d":"0.9"},2.4,11.3]
["Outras culturas temporárias",3,0.5,{"v":2.33,"d":"2.3"},3.5,{"v":7,"d":"7.0"}]
["Alho",1,{"v":6,"d":"6.0"},{"v":6,"d":"6.0"},{"v":6,"d":"6.0"},{"v":6,"d":"6.0"}]
["Alface",6,0.3,0.8,{"v":1,"d":"1.0"},4.8]
["Outras olericolas",4,0.4,{"v":1.08,"d":"1.1"},{"v":3,"d":"3.0"},4.3]
["Soja",1,{"v":4,"d":"4.0"},{"v":4,"d":"4.0"},{"v":4,"d":"4.0"},{"v":4,"d":"4.0"}]
["Lichia",3,{"v":1,"d":"1.0"},{"v":1.33,"d":"1.3"},1.5,{"v":4,"d":"4.0"}]
["Banana",5,0.1,{"v":0.78,"d":"0.8"},1.5,3.9]
["Maracuja",2,{"v":1,"d":"1.0"},1.5,{"v":2,"d":"2.0"},{"v":3,"d":"3.0"}]
["Capim-napier (ou capim-elefante)",3,0.5,{"v":0.67,"d":"0.7"},{"v":1,"d":"1.0"},{"v":2,"d":"2.0"}]
["Viveiro de flores e ornamentais",1,{"v":1,"d":"1.0"},{"v":1,"d":"1.0"},{"v":1,"d":"1.0"},{"v":1,"d":"1.0"}]
["Pepino",1,{"v":1,"d":"1.0"},{"v":1,"d":"1.0"},{"v":1,"d":"1.0"},{"v":1,"d":"1.0"}]
["Pomar domestico",3,0.2,{"v":0.33,"d":"0.3"},0.5,{"v":1,"d":"1.0"}]
["Jilo",1,{"v":1,"d":"1.0"},{"v":1,"d":"1.0"},{"v":1,"d":"1.0"},{"v":1,"d":"1.0"}]
["Couve (ou couve-crespa)",1,{"v":1,"d":"1.0"},{"v":1,"d":"1.0"},{"v":1,"d":"1.0"},{"v":1,"d":"1.0"}]
["Macadamia (ou noz-macadamia)",1,{"v":1,"d":"1.0"},{"v":1,"d":"1.0"},{"v":1,"d":"1.0"},{"v":1,"d":"1.0"}]
["Palmito",1,{"v":1,"d":"1.0"},{"v":1,"d":"1.0"},{"v":1,"d":"1.0"},{"v":1,"d":"1.0"}]
["Tangerina",1,0.7,0.7,0.7,0.7]
["Fruta-do-conde (ou pinha, ou anona)",1,0.5,0.5,0.5,0.5]
["Ervas medicinais e aromaticas",1,0.4,0.4,0.4,0.4]
["Abacaxi (ou ananas)",1,0.2,0.2,0.2,0.2]
["Fonte: Secretaria de Agricultura e Abastecimento, CDRS/IEA, Projeto LUPA."]